| 000 | 00863cam a2200265 i 4500 | ||
|---|---|---|---|
| 001 | 30255 | ||
| 003 | Mx-PuUPA | ||
| 005 | 20231016085919.0 | ||
| 008 | 140415s1980 mx gr 000 0 spa d | ||
| 040 |
_cMx-PuUPA _aMx-PuUPA _bspa _dMx-PuUPA _erda |
||
| 041 | 0 | _aspa | |
| 100 | 1 |
_aRamírez Torres, Rafael, _914976 _eautor |
|
| 245 | 1 | 3 |
_aUn milagro : _bconjunto de milagros, único en el universo / _cRafael Ramírez Torres |
| 250 | _aPrimera edición | ||
| 264 | 1 |
_aMéxico, D. F. : _bEditorial Tradición, _c1980 |
|
| 300 |
_a305 páginas ; _c21 cm |
||
| 336 |
_2rdacontent _atexto _btxt |
||
| 337 |
_2rdamedia _asin medio _bn |
||
| 338 |
_2rdacarrier _avolumen _bnc |
||
| 600 | 0 | 4 |
_aVirgen de Guadalupe _xApariciones y milagros |
| 942 |
_2ddc _cLI _h232.917 _iR165 _n |
||
| 999 |
_c30255 _d30255 |
||